<?xml version="1.0" encoding="UTF-8"?><?xml-stylesheet type="text/xsl" href="static/style.xsl"?><OAI-PMH xmlns="http://www.openarchives.org/OAI/2.0/" xmlns:xsi="http://www.w3.org/2001/XMLSchema-instance" xsi:schemaLocation="http://www.openarchives.org/OAI/2.0/ http://www.openarchives.org/OAI/2.0/OAI-PMH.xsd"><responseDate>2026-04-19T08:10:59Z</responseDate><request verb="GetRecord" identifier="oai:riubu.ubu.es:10259/7594" metadataPrefix="marc">https://riubu.ubu.es/oai/request</request><GetRecord><record><header><identifier>oai:riubu.ubu.es:10259/7594</identifier><datestamp>2023-03-25T01:05:22Z</datestamp><setSpec>com_10259.4_2513</setSpec><setSpec>com_10259.4_2512</setSpec><setSpec>com_10259.4_106</setSpec><setSpec>com_10259_2604</setSpec><setSpec>com_10259.4_2516</setSpec><setSpec>com_10259_5086</setSpec><setSpec>col_10259.4_2514</setSpec><setSpec>col_10259.4_2517</setSpec></header><metadata><record xmlns="http://www.loc.gov/MARC21/slim" xmlns:doc="http://www.lyncode.com/xoai" xmlns:xsi="http://www.w3.org/2001/XMLSchema-instance" xmlns:dcterms="http://purl.org/dc/terms/" xsi:schemaLocation="http://www.loc.gov/MARC21/slim http://www.loc.gov/standards/marcxml/schema/MARC21slim.xsd">
<leader>00925njm 22002777a 4500</leader>
<datafield tag="042" ind1=" " ind2=" ">
<subfield code="a">dc</subfield>
</datafield>
<datafield tag="720" ind1=" " ind2=" ">
<subfield code="a">Busto Núñez, Mª Dolores</subfield>
<subfield code="e">author</subfield>
</datafield>
<datafield tag="720" ind1=" " ind2=" ">
<subfield code="a">González Temiño, Yaiza</subfield>
<subfield code="e">author</subfield>
</datafield>
<datafield tag="720" ind1=" " ind2=" ">
<subfield code="a">Albillos García, Silvia María</subfield>
<subfield code="e">author</subfield>
</datafield>
<datafield tag="720" ind1=" " ind2=" ">
<subfield code="a">Ramos Gómez, Sonia</subfield>
<subfield code="e">author</subfield>
</datafield>
<datafield tag="720" ind1=" " ind2=" ">
<subfield code="a">Pilar Izquierdo, María Concepción</subfield>
<subfield code="e">author</subfield>
</datafield>
<datafield tag="720" ind1=" " ind2=" ">
<subfield code="a">Palacios Santamaría, David</subfield>
<subfield code="e">author</subfield>
</datafield>
<datafield tag="720" ind1=" " ind2=" ">
<subfield code="a">Ortega Santamaría, Natividad</subfield>
<subfield code="e">author</subfield>
</datafield>
<datafield tag="260" ind1=" " ind2=" ">
<subfield code="c">2022-07</subfield>
</datafield>
<datafield tag="520" ind1=" " ind2=" ">
<subfield code="a">In this study, the use of spray-drying technology for encapsulating Flavourzyme® (protease–&#xd;
peptidase complex) was evaluated to overcome the limitations (low encapsulation efficiency and&#xd;
no large-scale production) of other encapsulation processes. To the best of our knowledge, spray&#xd;
drying has not been applied previously for the immobilization of this enzyme. Firstly, bovine serum&#xd;
albumin (BSA), as a model protein, was encapsulated by spray drying in chitosan and tripolyphoshate&#xd;
(TPP) cross-linked-chitosan shell matrices. The results showed that the chitosan–TPP microcapsules&#xd;
provided a high encapsulation efficiency and better protein stability compared to the non-crosslinked&#xd;
chitosan microcapsules. The effect of enzyme concentration and drying temperature were tested&#xd;
during the spray drying of Flavourzyme®. In this regard, an activity yield of 88.0% and encapsulation&#xd;
efficiency of 78.6% were obtained with a concentration of 0.1% (v/v) and an inlet temperature of&#xd;
130 ◦C. Flavourzyme®-loaded chitosan microcapsules were also characterized in terms of their size&#xd;
and morphology using scanning electron microscopy and laser diffractometry</subfield>
</datafield>
<datafield tag="024" ind2=" " ind1="8">
<subfield code="a">http://hdl.handle.net/10259/7594</subfield>
</datafield>
<datafield tag="024" ind2=" " ind1="8">
<subfield code="a">10.3390/foods11142077</subfield>
</datafield>
<datafield tag="024" ind2=" " ind1="8">
<subfield code="a">2304-8158</subfield>
</datafield>
<datafield ind1=" " ind2=" " tag="653">
<subfield code="a">Chitosan</subfield>
</datafield>
<datafield ind1=" " ind2=" " tag="653">
<subfield code="a">Flavourzyme®</subfield>
</datafield>
<datafield ind1=" " ind2=" " tag="653">
<subfield code="a">Microencapsulation</subfield>
</datafield>
<datafield ind1=" " ind2=" " tag="653">
<subfield code="a">Protease</subfield>
</datafield>
<datafield ind1=" " ind2=" " tag="653">
<subfield code="a">Spray drying</subfield>
</datafield>
<datafield ind1=" " ind2=" " tag="653">
<subfield code="a">Tripolyphosphate</subfield>
</datafield>
<datafield tag="245" ind1="0" ind2="0">
<subfield code="a">Microencapsulation of a Commercial Food-Grade Protease by Spray Drying in Cross-Linked Chitosan Particles</subfield>
</datafield>
</record></metadata></record></GetRecord></OAI-PMH>